[Event "AUT-chT2O 2122"]
[Site "Austria"]
[Date "2022.04.02"]
[Round "10.4"]
[White "Kuthan, Andreas"]
[Black "Hechl, Fabian"]
[Result "1-0"]
[WhiteElo "2221"]
[BlackElo "2113"]
[PlyCount "83"]
[EventDate "2021.10.16"]
[EventType "team-tourn"]
[EventRounds "11"]
[EventCountry "AUT"]
[SourceTitle "EXT 2023"]
[Source "ChessBase"]
[SourceDate "2022.10.05"]
[SourceVersion "1"]
[SourceVersionDate "2022.10.05"]
[SourceQuality "1"]
[WhiteTeam "Pamhagen II"]
[BlackTeam "Donaustadt"]
[WhiteTeamCountry "AUT"]
[BlackTeamCountry "AUT"]

1. d4 e6 2. e4 d5 3. exd5 exd5 4. Nf3 Nf6 5. Bd3 c5 6. 0-0 c4 7. Re1+ Be7 8. Bf1 0-0 9. b3 cxb3 10. axb3 Bf5 11. Ne5 Nc6 12. Nxc6 bxc6 13. Rxe7 Qxe7 14. Ba3 Qe4 15. Bxf8 Kxf8 16. c3 Bg4 17. Qd2 Qg6 18. Qf4 Nh5 19. Qd2 Re8 20. c4 a5 21. Nc3 dxc4 22. bxc4 Ra8 23. Na4 Qh6 24. Qc3 Qg5 25. Nc5 Nf4 26. Qg3 h6 27. Re1 a4 28. Re5 f5 29. h4 Ne2+ 30. Rxe2 Qc1 31. Qd6+ Kg8 32. Qe6+ Kh7 33. f3 a3 34. fxg4 a2 35. Qxf5+ Kh8 36. Nb3 Qc3 37. Qc2 a1Q 38. Nxa1 Qxd4+ 39. Kh2 Qxa1 40. Qf5 Qd4 41. Re4 Qd6+ 42. Qf4 1-0

[Event "AUT-chT2O 1920"]
[Site "Austria"]
[Date "2020.01.18"]
[Round "6.6"]
[White "Kuthan, Andreas"]
[Black "Mayrhuber, Nikola"]
[Result "1/2-1/2"]
[WhiteElo "2194"]
[BlackElo "2000"]
[PlyCount "76"]
[EventDate "2019.10.19"]
[EventType "team-tourn"]
[EventRounds "11"]
[EventCountry "AUT"]
[SourceTitle "CBM 194 Extra"]
[Source "ChessBase"]
[SourceDate "2020.03.31"]
[SourceVersion "1"]
[SourceVersionDate "2020.03.31"]
[SourceQuality "1"]
[WhiteTeam "Pamhagen"]
[BlackTeam "Wien Ottakring"]
[WhiteTeamCountry "AUT"]
[BlackTeamCountry "AUT"]

1. e4 e6 2. d4 d5 3. Nd2 c5 4. c3 cxd4 5. cxd4 dxe4 6. Nxe4 Nf6 7. Bd3 Bb4+ 8. Nc3 0-0 9. Nf3 b6 10. 0-0 Bb7 11. Bg5 Be7 12. Re1 Nc6 13. a3 Rc8 14. Rc1 Nd5 15. h4 h6 16. Nxd5 Qxd5 17. Be4 Qd8 18. Bxe7 Qxe7 19. Qa4 Na5 20. Rxc8 Bxc8 21. Ne5 Qxh4 22. b4 Nb7 23. Qxa7 Nd6 24. g3 Qg5 25. Bf3 f6 26. Nc6 Nc4 27. Ne7+ Kh7 28. Nxc8 Rxc8 29. Qd7 Nd2 30. Bg2 Rc3 31. Qxe6 Rxa3 32. d5 Nf3+ 33. Bxf3 Rxf3 34. d6 Rxg3+ 35. fxg3 Qxg3+ 36. Kh1 Qf3+ 37. Kh2 Qf2+ 38. Kh3 Qf3+ 1/2-1/2

[Event "AUT-chT 1415"]
[Site "Austria"]
[Date "2015.03.19"]
[Round "9.6"]
[White "Kuthan, Andreas"]
[Black "Diermair, Andreas"]
[Result "0-1"]
[WhiteElo "2207"]
[BlackElo "2455"]
[PlyCount "80"]
[EventDate "2014.11.20"]
[EventType "team-tourn"]
[EventRounds "11"]
[EventCountry "AUT"]
[SourceTitle "EXT 2016"]
[Source "ChessBase"]
[SourceDate "2015.10.08"]
[SourceVersion "1"]
[SourceVersionDate "2015.10.08"]
[SourceQuality "1"]
[WhiteTeam "Pamhagen"]
[BlackTeam "Raika Feffernitz"]
[WhiteTeamCountry "AUT"]
[BlackTeamCountry "AUT"]

1. d4 d5 2. c4 e6 3. Nc3 c6 4. Nf3 Nf6 5. Bg5 h6 6. Bxf6 Qxf6 7. Qb3 dxc4 8. Qxc4 Nd7 9. 0-0-0 Qe7 10. e3 Qb4 11. Qd3 Be7 12. Qc2 Qa5 13. Bd3 b5 14. Kb1 Bb7 15. Ne4 c5 16. Nxc5 Nxc5 17. dxc5 Rc8 18. Nd4 Bxg2 19. Bxb5+ Kf8 20. Bd7 Bxh1 21. Bxc8 Bd5 22. Nb3 Qa4 23. Qe2 g6 24. Rd4 Qc6 25. Qa6 Qc7 26. c6 Qxc6 27. Qxc6 Bxc6 28. Na5 Be8 29. Bd7 Kg7 30. Bxe8 Rxe8 31. Rd7 Bh4 32. Rxa7 Bxf2 33. Nc4 g5 34. a4 h5 35. a5 Bg1 36. h3 g4 37. hxg4 h4 38. Ne5 Rf8 39. Nf3 h3 40. b4 Rb8 0-1

[Event "AUT-chT 1415"]
[Site "Austria"]
[Date "2014.11.22"]
[Round "3.4"]
[White "Tratar, Marko"]
[Black "Kuthan, Andreas"]
[Result "1-0"]
[WhiteElo "2489"]
[BlackElo "2207"]
[PlyCount "39"]
[EventDate "2014.11.20"]
[EventType "team-tourn"]
[EventRounds "11"]
[EventCountry "AUT"]
[SourceTitle "CBM 163 Extra"]
[Source "ChessBase"]
[SourceDate "2014.12.23"]
[SourceVersion "1"]
[SourceVersionDate "2014.12.23"]
[SourceQuality "1"]
[WhiteTeam "Maria Saal"]
[BlackTeam "Pamhagen"]
[WhiteTeamCountry "AUT"]
[BlackTeamCountry "AUT"]

1. d4 Nf6 2. c4 g6 3. Nc3 Bg7 4. e4 d6 5. Nf3 0-0 6. Be2 e5 7. 0-0 exd4 8. Nxd4 Re8 9. f3 c6 10. Kh1 Nbd7 11. Bg5 Qb6 12. Nb3 a5 13. Qd2 a4 14. Be3 Qd8 15. Nd4 Nc5 16. Rfd1 Nfd7 17. Rab1 Be5 18. f4 Bg7 19. Bf3 Nf8 20. Nxc6 1-0

[Event "AUT-chT 1415"]
[Site "Austria"]
[Date "2014.11.21"]
[Round "2.4"]
[White "Kuthan, Andreas"]
[Black "Boensch, Uwe"]
[Result "1/2-1/2"]
[WhiteElo "2207"]
[BlackElo "2543"]
[PlyCount "110"]
[EventDate "2014.11.20"]
[EventType "team-tourn"]
[EventRounds "11"]
[EventCountry "AUT"]
[SourceTitle "CBM 163 Extra"]
[Source "ChessBase"]
[SourceDate "2014.12.23"]
[SourceVersion "1"]
[SourceVersionDate "2014.12.23"]
[SourceQuality "1"]
[WhiteTeam "Pamhagen"]
[BlackTeam "Jenbach"]
[WhiteTeamCountry "AUT"]
[BlackTeamCountry "AUT"]

1. d4 Nf6 2. c4 e6 3. Nc3 d5 4. cxd5 exd5 5. Bg5 c6 6. e3 Be7 7. Bd3 Nbd7 8. Nf3 0-0 9. Qc2 Re8 10. 0-0 Nf8 11. h3 Be6 12. Ne5 N6d7 13. Bxe7 Rxe7 14. f4 f6 15. Nf3 Nb6 16. Rae1 Kh8 17. Re2 Qc7 18. Rfe1 Rae8 19. f5 Bf7 20. e4 Bh5 21. Kf2 Bxf3 22. Kxf3 Qd6 23. Qd2 dxe4+ 24. Rxe4 Rxe4 25. Rxe4 Rxe4 26. Bxe4 Nc4 27. Qf2 Qb4 28. Nd1 Nd7 29. b3 Nd2+ 30. Ke3 Nxe4 31. Kxe4 c5 32. Kd3 cxd4 33. Qxd4 Ne5+ 34. Ke4 Qe7 35. Kf4 Qc7 36. Ke3 Nc6 37. Qe4 Qb6+ 38. Ke2 Ne5 39. Kf1 h6 40. Ne3 Qa6+ 41. Kg1 Qe2 42. a4 Kh7 43. Qd4 Nd3 44. Nd5 Qd1+ 45. Kh2 Qxb3 46. Nxf6+ gxf6 47. Qd7+ Kg8 48. Qd8+ Kg7 49. Qd7+ Qf7 50. Qxd3 Qc7+ 51. Kh1 Qc1+ 52. Kh2 Qf4+ 53. Kh1 Qc1+ 54. Kh2 Qf4+ 55. Kh1 Qc1+ 1/2-1/2

[Event "AUT-chT2O 1314"]
[Site "Austria"]
[Date "2014.03.23"]
[Round "11.5"]
[White "Ganauser, Eduard"]
[Black "Kuthan, Andreas"]
[Result "1/2-1/2"]
[WhiteElo "2005"]
[BlackElo "2221"]
[PlyCount "46"]
[EventDate "2013.10.05"]
[EventType "team-tourn"]
[EventRounds "11"]
[EventCountry "AUT"]
[SourceTitle "EXT 2015"]
[Source "ChessBase"]
[SourceDate "2014.11.20"]
[SourceVersion "1"]
[SourceVersionDate "2014.11.20"]
[SourceQuality "1"]
[WhiteTeam "Mattersburg"]
[BlackTeam "Pamhagen"]
[WhiteTeamCountry "AUT"]
[BlackTeamCountry "AUT"]

1. d4 Nf6 2. Nf3 g6 3. c4 Bg7 4. g3 0-0 5. Bg2 d6 6. 0-0 Nbd7 7. b3 e5 8. dxe5 dxe5 9. Nc3 Re8 10. Bg5 h6 11. Bd2 Nc5 12. Ne1 a5 13. Nc2 c6 14. Be3 Qe7 15. Bxc5 Qxc5 16. Na4 Qa7 17. Ne3 Be6 18. Qc2 Rad8 19. Rad1 Rd4 20. Qc1 Nd7 21. Nc2 Rxd1 22. Rxd1 Bf8 23. Ne1 Qb8 1/2-1/2

[Event "AUT-chT2O 1112"]
[Site "Austria"]
[Date "2012.04.29"]
[Round "11.5"]
[White "Plank, Franz"]
[Black "Kuthan, Andreas"]
[Result "1/2-1/2"]
[WhiteElo "2273"]
[BlackElo "2213"]
[PlyCount "60"]
[EventDate "2011.10.15"]
[EventType "team-tourn"]
[EventRounds "11"]
[EventCountry "AUT"]
[SourceTitle "EXT 2013"]
[Source "ChessBase"]
[SourceDate "2012.11.22"]
[SourceVersion "1"]
[SourceVersionDate "2012.11.22"]
[SourceQuality "1"]
[WhiteTeam "Wien Ottakring"]
[BlackTeam "Pamhagen"]
[WhiteTeamCountry "AUT"]
[BlackTeamCountry "AUT"]

1. e4 e6 2. Nf3 d5 3. c3 dxe4 4. Qa4+ Bd7 5. Qxe4 Bc6 6. Qe3 Nd7 7. d4 Ngf6 8. Nbd2 Be7 9. Nc4 0-0 10. Be2 Bd5 11. 0-0 c5 12. Nce5 cxd4 13. Qxd4 Bc5 14. Qh4 Nxe5 15. Nxe5 Nd7 16. Qxd8 Rfxd8 17. Nxd7 Rxd7 18. Rd1 Rad8 19. Bg5 f6 20. Be3 Bxe3 21. fxe3 Kf8 22. Kf2 Ke7 23. g3 e5 24. Ke1 Be4 25. Rxd7+ Rxd7 26. Rd1 Rxd1+ 27. Kxd1 Kd6 28. a3 g5 29. Ke1 f5 30. Kf2 a5 1/2-1/2

[Event "AUT-chT2O 1112"]
[Site "Austria"]
[Date "2012.03.18"]
[Round "9.6"]
[White "Kuthan, Andreas"]
[Black "Hechl, Gerald"]
[Result "1/2-1/2"]
[WhiteElo "2213"]
[BlackElo "2258"]
[PlyCount "39"]
[EventDate "2011.10.15"]
[EventType "team-tourn"]
[EventRounds "11"]
[EventCountry "AUT"]
[SourceTitle "EXT 2013"]
[Source "ChessBase"]
[SourceDate "2012.11.22"]
[SourceVersion "1"]
[SourceVersionDate "2012.11.22"]
[SourceQuality "1"]
[WhiteTeam "Pamhagen"]
[BlackTeam "Eichgraben"]
[WhiteTeamCountry "AUT"]
[BlackTeamCountry "AUT"]

1. d4 d5 2. c4 dxc4 3. Nf3 Nd7 4. Qa4 Ngf6 5. Qxc4 c6 6. Nc3 Nb6 7. Qd3 Be6 8. g3 g6 9. Bg2 Bg7 10. 0-0 0-0 11. Rd1 Qc8 12. b3 Nbd5 13. Ba3 Bf5 14. Qd2 Ne4 15. Nxe4 Bxe4 16. Rac1 Rd8 17. Qa5 Re8 18. Qd2 Rd8 19. Qa5 Re8 20. Qd2 1/2-1/2

[Event "AUT-chT2O 1112"]
[Site "Austria"]
[Date "2012.01.14"]
[Round "5.6"]
[White "Galavics, Hermann"]
[Black "Kuthan, Andreas"]
[Result "1/2-1/2"]
[WhiteElo "2069"]
[BlackElo "2213"]
[PlyCount "64"]
[EventDate "2011.10.15"]
[EventType "team-tourn"]
[EventRounds "11"]
[EventCountry "AUT"]
[SourceTitle "EXT 2013"]
[Source "ChessBase"]
[SourceDate "2012.11.22"]
[SourceVersion "1"]
[SourceVersionDate "2012.11.22"]
[SourceQuality "1"]
[WhiteTeam "Lackenbach"]
[BlackTeam "Pamhagen"]
[WhiteTeamCountry "AUT"]
[BlackTeamCountry "AUT"]

1. d4 Nf6 2. c4 g6 3. Nc3 Bg7 4. e4 d6 5. f3 0-0 6. Be3 e5 7. d5 Nh5 8. Nge2 f5 9. Qd2 a6 10. Nc1 Nd7 11. Nd3 Ndf6 12. 0-0-0 b5 13. Nb4 fxe4 14. Nxe4 Nxe4 15. fxe4 Nf6 16. cxb5 axb5 17. Bxb5 Nxe4 18. Qc2 Qh4 19. a3 Bh6 20. Rde1 Rf2 21. Qc6 Rb8 22. Qxc7 Rxb5 23. Qxc8+ Rf8 24. Qe6+ Kh8 25. Kb1 Bxe3 26. Rxe3 Nd2+ 27. Ka1 Qc4 28. Qe7 Rf1+ 29. Re1 Nb3+ 30. Kb1 Nd2+ 31. Ka1 Nb3+ 32. Kb1 Nd2+ 1/2-1/2

[Event "AUT-chT2O 1011"]
[Site "Austria"]
[Date "2010.10.02"]
[Round "1.6"]
[White "Mayr, Thomas"]
[Black "Kuthan, Andreas"]
[Result "1/2-1/2"]
[WhiteElo "2122"]
[BlackElo "2204"]
[PlyCount "41"]
[EventDate "2010.10.02"]
[EventType "team-tourn"]
[EventRounds "11"]
[EventCountry "AUT"]
[SourceTitle "CBM 138 Extra"]
[Source "ChessBase"]
[SourceDate "2010.10.29"]
[SourceVersion "1"]
[SourceVersionDate "2010.10.29"]
[SourceQuality "1"]
[WhiteTeam "Eichgraben"]
[BlackTeam "Pamhagen"]
[WhiteTeamCountry "AUT"]
[BlackTeamCountry "AUT"]

1. e4 e6 2. d4 d5 3. exd5 exd5 4. Bd3 Nc6 5. c3 Bd6 6. Ne2 Qh4 7. g3 Qh5 8. Nf4 Qxd1+ 9. Kxd1 Nf6 10. Re1+ Ne7 11. f3 0-0 12. Na3 c6 13. Nc2 Bf5 14. Ne3 Bxd3 15. Nxd3 Rfe8 16. Bd2 h5 17. Ng2 Nf5 18. Bg5 Nh7 19. Bd2 Nf6 20. Bg5 Nh7 21. Bd2 1/2-1/2

[Event "AUT-chT 0910"]
[Site "Austria"]
[Date "2010.01.17"]
[Round "7.2"]
[White "Kuthan, Andreas"]
[Black "Mikhalevski, Victor"]
[Result "0-1"]
[WhiteElo "2220"]
[BlackElo "2610"]
[PlyCount "78"]
[EventDate "2009.11.06"]
[EventType "team-tourn"]
[EventRounds "11"]
[EventCountry "AUT"]
[SourceTitle "EXT 2011"]
[Source "ChessBase"]
[SourceDate "2010.11.26"]
[SourceVersion "1"]
[SourceVersionDate "2010.11.26"]
[SourceQuality "1"]
[WhiteTeam "Pamhagen"]
[BlackTeam "Fuerstenfeld"]
[WhiteTeamCountry "AUT"]
[BlackTeamCountry "AUT"]

1. d4 Nf6 2. Nf3 g6 3. c4 Bg7 4. Nc3 d5 5. Bg5 Ne4 6. Bh4 Nxc3 7. bxc3 dxc4 8. Qa4+ c6 9. Qxc4 Qa5 10. e3 Na6 11. Be2 Be6 12. Qd3 Nc5 13. Qc2 Bf5 14. Qb2 Nd3+ 15. Bxd3 Bxd3 16. Qb4 Qc7 17. Bg3 Qc8 18. Ne5 Ba6 19. c4 h5 20. h3 h4 21. Bf4 g5 22. Bxg5 Qe6 23. Bf4 Bxe5 24. Bxe5 Rg8 25. 0-0-0 f6 26. Bf4 Bxc4 27. Qxb7 Kf7 28. Qb1 f5 29. g4 hxg3 30. fxg3 Bxa2 31. Qd3 Bd5 32. Rhg1 Be4 33. Qc3 Rab8 34. Bxb8 Rxb8 35. Kd2 Qa2+ 36. Ke1 Qh2 37. Rf1 Rb2 38. Rd2 Rb1+ 39. Rd1 Qxg3+ 0-1

[Event "AUT-chT 0910"]
[Site "Austria"]
[Date "2010.01.14"]
[Round "4.2"]
[White "Shengelia, Davit"]
[Black "Kuthan, Andreas"]
[Result "1-0"]
[WhiteElo "2566"]
[BlackElo "2220"]
[PlyCount "73"]
[EventDate "2009.11.06"]
[EventType "team-tourn"]
[EventRounds "11"]
[EventCountry "AUT"]
[SourceTitle "EXT 2011"]
[Source "ChessBase"]
[SourceDate "2010.11.26"]
[SourceVersion "1"]
[SourceVersionDate "2010.11.26"]
[SourceQuality "1"]
[WhiteTeam "Baden Invest"]
[BlackTeam "Pamhagen"]
[WhiteTeamCountry "AUT"]
[BlackTeamCountry "AUT"]

1. d4 Nf6 2. Nf3 g6 3. c4 Bg7 4. g3 0-0 5. Bg2 d6 6. Nc3 Nbd7 7. 0-0 e5 8. h3 c6 9. e4 Qa5 10. Re1 exd4 11. Nxd4 Ne5 12. Bf1 Re8 13. Be3 Be6 14. Nxe6 Rxe6 15. f4 Ned7 16. Bf2 Rae8 17. a3 a6 18. Bg2 h5 19. b4 Qc7 20. Rc1 Bh6 21. Be3 Qb8 22. g4 hxg4 23. hxg4 Bg7 24. Bf3 b5 25. cxb5 axb5 26. g5 Nh5 27. f5 Re5 28. Bxh5 gxh5 29. Qxh5 d5 30. Kg2 Qa8 31. Rh1 dxe4 32. Qh7+ Kf8 33. f6 Nxf6 34. gxf6 Bxf6 35. Rcf1 Qd8 36. Rh6 R8e6 37. Rhxf6 1-0

[Event "AUT-ch"]
[Site "Jenbach"]
[Date "2009.08.02"]
[Round "9"]
[White "Kuthan, Andreas"]
[Black "Hartl, Daniel"]
[Result "1-0"]
[WhiteElo "2197"]
[BlackElo "2249"]
[PlyCount "45"]
[EventDate "2009.07.25"]
[EventType "swiss"]
[EventRounds "9"]
[EventCountry "AUT"]
[SourceTitle "CBM 131 Extra"]
[Source "ChessBase"]
[SourceDate "2009.09.03"]
[SourceVersion "2"]
[SourceVersionDate "2009.09.16"]
[SourceQuality "1"]

1. d4 d5 2. c4 c6 3. Nf3 Nf6 4. Nc3 dxc4 5. a4 Bf5 6. Ne5 Nbd7 7. Nxc4 Qc7 8. g3 e5 9. dxe5 Nxe5 10. Bf4 Nfd7 11. Bg2 g5 12. Ne3 gxf4 13. Nxf5 0-0-0 14. Qc2 Ng6 15. 0-0 fxg3 16. hxg3 h5 17. Rfc1 Kb8 18. b4 h4 19. Nb5 Qe5 20. Nbd4 hxg3 21. Nxc6+ bxc6 22. Qxc6 gxf2+ 23. Kf1 1-0